Second-most Famous Person by Decade - Statistics

General Stats
  • This quiz has been taken 71 times
  • The average score is 23 of 57
Answer Stats
Decade Most well-known Second-most well-known Known as Born in (today) % Correct
1980s Lady Gaga Lionel Messi footballer Argentina
76%
1910s Reagan Nelson Mandela leader South Africa
75%
1950s Jackson Vladimir Putin leader Russia
75%
1930s Elvis Neil Armstrong astronaut United States
73%
1940s Trump George W. Bush leader United States
71%
1850s van Gogh Sigmund Freud psychoanalyst Czechia
71%
1970s Eminem Emmanuel Macron leader France
69%
1880s Hitler Pablo Picasso painter Spain
66%
1870s Einstein Vladimir Lenin leader Russia
63%
1630s Locke Louis XIV monarch France
61%
1890s Mao Charles de Gaulle leader France
59%
1860s Gandhi Marie Curie scientist Poland
59%
1800s Darwin Abraham Lincoln leader United States
58%
2010s George Charlotte of Wales princess United Kingdom
58%
1920s Elizabeth II Marilyn Monroe actress United States
58%
1450s Leonardo Christopher Columbus explorer Italy
54%
1750s Mozart James Monroe leader United States
54%
1780s Lord Byron Simón Bolívar leader Venezuela
54%
1830s Twain Alfred Nobel inventor Sweden
53%
1530s Elizabeth I Ivan the Terrible monarch Russia
53%
1730s Washington John Adams leader United States
53%
1820s Tolstoy Fyodor Dostoevsky writer Russia
51%
1720s Kant James Cook explorer United Kingdom
51%
1840s Edison Friedrich Nietzsche philosopher Germany
49%
1470s Michelangelo Nicolaus Copernicus astronomer Poland
49%
1670s Vivaldi Peter the Great monarch Russia
47%
1480s Luther Raphael painter/architect Italy
44%
1900s Dalí Walt Disney producer United States
44%
1810s Marx Charles Dickens writer United Kingdom
41%
1660s Defoe Jonathan Swift writer Ireland
41%
2000s Greta Billie Eilish singer United States
34%
1740s Goethe Francisco de Goya painter Spain
34%
1520s Palestrina Philip II monarch Spain
34%
1650s Halley William of Orange monarch Netherlands
34%
1560s Shakespeare Galileo Galilei polymath Italy
32%
1500s Calvin Charles V monarch Belgium
31%
1700s Linnaeus Leonhard Euler mathematician Switzerland
31%
1590s Descartes Diego Velázquez painter Spain
29%
1600s Rembrandt Abel Tasman explorer Netherlands
25%
1990s Bieber Selena Gomez singer/actress United States
25%
1790s Faraday Alexander Pushkin writer Russia
22%
1680s Bach Georg Friedrich Händel composer Germany
22%
1760s Napoleon Hokusai artist Japan
22%
1460s da Gama Niccolò Machiavelli philosopher Italy
22%
1490s Cartier Suleiman the Magnificent monarch Turkey
22%
1770s Beethoven Carl Friedrich Gauß mathematician Germany
20%
1540s Cervantes Akbar monarch Pakistan
19%
1710s Rousseau David Hume philosopher United Kingdom
19%
1580s Hobbes Armand Jean du Plessis de Richelieu aristocrat France
17%
1960s Obama Naruhito monarch Japan
15%
1550s Henry IV Paul V pope Italy
14%
1620s Molière Blaise Pascal mathematician France
12%
1570s Kepler Peter Paul Rubens painter Germany
10%
1690s Voltaire Anna of Russia monarch Russia
8%
1610s Innocent XI Aurangzeb monarch India
7%
1640s Newton Matsuo Bashō poet Japan
3%
1510s Mary I Giorgio Vasari painter/architect Italy
2%
No matching quizzes found
Score Distribution
Percent of People with Each Score
Percentile by Number Answered
Your Score History
You have not taken this quiz